| 000 | 01139nam0a22002891 4500 | ||
|---|---|---|---|
| 001 | rc\3592675 | ||
| 005 | 20250610045101.0 | ||
| 021 |
_aRU _b73-47495 |
||
| 021 |
_aRU _bРг13751-73 |
||
| 035 | _a(NLR Aleph) 007703323 | ||
| 090 |
_a6770669 _c6770669 |
||
| 100 | _a20130115d1973 |||y0rusy50 ca | ||
| 101 | 0 | _arus | |
| 102 | _aRU | ||
| 105 | _ay z ||||| | ||
| 200 | 1 |
_aПравовые проблемы дальнейшего совершенствования представительных органов государственной власти _fПод ред. проф. С.С. Кравчука |
|
| 210 |
_aМосква _cИзд-во Моск. ун-та _d1973 |
||
| 215 |
_a154 с. _d21 |
||
| 300 | _aНа обороте тит. л. авт.: профессора С.С. Кравчук, Г.В. Барабашев, К.Ф. Шеремет [и др.] | ||
| 701 | 1 |
_aБарабашев _bГ.В. |
|
| 701 | 1 |
_aШеремет _bК.Ф. |
|
| 701 | 1 |
_aКравчук _bС.С. _gСтепан Степанович _4340 |
|
| 801 | 0 |
_aRU _bNLR _gpsbo |
|
| 801 | 1 |
_aRU _bELAR _2rusmarc |
|
| 852 |
_aNLR _j73-5/3898 |
||
| 942 | _cBOOK | ||
| 980 | _aNB | ||